02660nam a2200301 u 4500001000800000005001700008007001000025008004100035035001200076040001300088041000800101080000700109100005100116245012700167260004300294300001300337520137600350650003101726650003901757650003501796650004201831650003901873700005501912942001001967999001901977500018401996952017802180112302520260507085648.0co|||||||090205s2008 spa  a1123025 ccomduadb aspa aWB10aPineda Restrepo, Juan Carlos4auteaut955499610aFormulacion del plan de emergencias de la Empresa Muebles, Casa y Campo del municipio el Retiro Antioquia en el año 2008 aMedellín :b[sin publicador],c2008. a1 CD-ROM3 aUn plan de emergencias es una herramienta de salud ocupacional que permite a las empresas y a las comunidades organizadas prepararse para posibles eventualidades que pongan en peligro la vida de las personas y los bienes materiales. Toda empresa debe elaborar un plan de emergencia que tenga en cuenta cuatro actuaciones concretas: prevención y extinción de incendios, medidas de primeros auxilios, designación del personal encargado de poner en práctica estas medidas y evacuación de personal. La elaboración de este plan de emergencias formulará conceptos para mejorar la seguridad de los trabajadores y de la empresa ya que en esta se ha evidenciado la necesidad de su formulación para su posterior implementación. El objetivo de este plan de emergencias es establecer un procedimiento escrito, que dé a conocer a todos los trabajadores y usuarios de la empresa Muebles Casa y Campo, la acción a seguir en caso de emergencia, con el propósito de minimizar lesiones personales y/o daños materiales y así permitir restablecer las operaciones de la fábrica en el menor tiempo posible. Según la evaluación de vulnerabilidad realizada en las instalaciones de la empresa Muebles, Casa y Campo se vió como las personas, los recursos y los procesos evidencian que las personas serán las más afectadas en caso de ocurrir una emergencia aPlanes de emergencia99760 aPrevención de emergencias941302 7aSalud ocupacional2lemb937677 aMueble Casa y Campo (empresa)9178807 7aSeguridad industrial2lemb911962210aMontoya Montoya, Margarita Maria4thseths9259522 cTESIS c488857d488857 aTesis (Administrador de Servicios de Salud con Énfasis en Gestión Sanitaria y Ambiental). Universidad de Antioquia. Facultad Nacional de Salud Pública - Título de la tesis 001040708SEMIACTIV2aBSPbBSPd2009-02-05eMaterial adquirido por donacióniC1032017l0oWB105 P5-08 CD-ROMp61000002945166r2023-04-28 00:00:00t1w2023-04-28yDIGITAL